Dzielnice (osiedla) Białegostoku - Quiz na mapie - Statystyki

Ogólne statystyki
  • Ten quiz został rozwiązany 71 razy
  • Średni wynik to 12 z 29
Odpowiedzi na mapie
Odpowiedzi zakodowano w zielono-czerwonej skali na mapie do tego quizu, zgodnie z poniższymi procentami.
 
Statystyki odpowiedzi
Odpowiedź % Poprawnych
Dojlidy
79%
Centrum
67%
Dojlidy Górne
64%
Nowe Miasto
54%
Skorupy
54%
Bagnówka
51%
Wygoda
51%
Jaroszówka
49%
Starosielce
49%
Kawaleryjskie
44%
Mickiewicza
44%
Przydworcowe
44%
Zawady
44%
Piasta I
41%
Sienkiewicza
41%
Bacieczki
36%
Białostoczek
36%
Bojary
36%
Bema
33%
Leśna Dolina
33%
Piasta II
33%
Zielone Wzgórza
31%
Antoniuk
28%
Dziesięciny I
28%
Dziesięciny II
28%
Słoneczny Stok
28%
Piaski
26%
Wysoki Stoczek
26%
Młodych
21%
Nie znaleziono quizów pasujących do podanych kryteriów
Rozkład punktacji
Procent ludzi z każdym wynikiem
Percentyl według liczby udzielonych odpowiedzi
Twoja historia wyników
Nie rozwiązałeś tego quizu